Guess the 1970s song lyrics #77 - Statistics

General Stats
  • This quiz has been taken 24 times
    4 since last reset
  • The average score is 214 of 289
Answer Stats
Answer % Correct
a
100%
am
100%
an
100%
and
100%
as
100%
can't
100%
Can't
100%
feel
100%
hand
100%
I
100%
I'm
100%
is
100%
it's
100%
Love
100%
love
100%
me
100%
my
100%
night
100%
now
100%
on
100%
So
100%
Take
100%
the
100%
The
100%
They
100%
to
100%
too
100%
try
100%
way
100%
we
100%
when
100%
you
100%
your
100%
angel
67%
are
67%
baby
67%
Because
67%
belong
67%
belongs
67%
breathe
67%
Come
67%
come
67%
comes
67%
command
67%
disguised
67%
fire
67%
hands
67%
Have
67%
hurt
67%
If
67%
in
67%
lovers
67%
sleep
67%
time
67%
under
67%
understand
67%
us
67%
which
67%
bed
33%
close
33%
live
33%
lust
33%
our
33%
real
33%
there
33%
tonight
33%
touch
33%
two
33%
With
33%
Without
33%
alone
0%
banquet
0%
believe
0%
burning
0%
burns
0%
cannot
0%
circle
0%
descends
0%
Desire
0%
doubt
0%
feed
0%
Forgive
0%
here
0%
Here
0%
hunger
0%
morning
0%
Pull
0%
ring
0%
sun
0%
telephone
0%
trust
0%
Turn
0%
undercover
0%
until
0%
vicious
0%
yearning
0%
No matching quizzes found
Score Distribution
Percent of People with Each Score
Percentile by Number Answered
Your Score History
You have not taken this quiz since the last reset